Biblioteca

Manual de estilo Chicago (Registro nro. 45061)

Detalles MARC
000 -LÍDER
Campo fijo de descripción fija 01557aam a2200313 i 4500
001 - NÚMERO DE CONTROL
Campo de control 768714001
003 - IDENTIFICADOR DEL NÚMERO DE CONTROL
Campo de control CO-MdFUSB
005 - FECHA Y HORA DE LA ULTIMA TRANSACCIÓN
control field 20210904094318.0
008 - ELEMENTOS DE LONGITUD FIJA -- INFORMACIÓN GENERAL
Campo fijo de descripción fija -- Información general 180919t2013 sp a|||| |||| 00| 0 eng d
020 ## - NÚMERO INTERNACIONAL NORMALIZADO PARA LIBROS
Número Internacional Normalizado del libro 978-84-15759-14-0
040 ## - FUENTE DE CATALOGACIÓN
Agencia de catalogación original CO-MdFUSB
Idioma de catalogación spa
Agencia que realiza la transcripción CO-MdFUSB
Agencia que realiza la modificación CO-MdFUSBC
Convenciones de la descripción rda
041 ## - CÓDIGO DE IDIOMA
Código de idioma para texto/pista de sonido o título separado spa
082 04 - NÚMERO DE CLASIFICACIÓN DECIMAL DEWEY
Número de clasificación R 808.02 D4861m
110 1# - ASIENTO PRINCIPAL--NOMBRE CORPORATIVO
Nombre corporativo o de jurisdicción como elemento de entrada Universidad Deusto
245 10 - TÍTULO
Título del Material Manual de estilo Chicago
Mención de responsabilidad, etc. / Universidad Deusto ; adaptado y editado por Javier Torres Ripa
250 ## - MENCIÓN DE EDICIÓN
Mención de edición Primera edición adaptada al español
264 #1 - PRODUCCIÓN, PUBLICACIÓN, DISTRIBUCIÓN, MANUFACTURA, Y COPYRIGHT
Lugar de producción, publicación, distribución, manufactura Bilbao :
Nombre del productor, publicador, distribuidor Universidad de Deusto
Fecha de producción, publicación, distribución, manufactura, o copyright [2013]
264 #4 - PRODUCCIÓN, PUBLICACIÓN, DISTRIBUCIÓN, MANUFACTURA, Y COPYRIGHT
Fecha de producción, publicación, distribución, manufactura, o copyright © 2013
300 ## - DESCRIPCIÓN FÍSICA
Extensión 956 páginas ; Tablas
Dimensiones ;
336 ## - TIPO DE CONTENIDO
Fuente rdacontent
Término de tipo de contenido texto
Código de tipo de contenido txt
337 ## - TIPO DE MEDIO
Fuente rdamedia
Nombre del tipo de medio sin mediación
Código del tipo de medio n
338 ## - TIPO DE SOPORTE
Fuente rdacarrier
Nombre del tipo de soporte volumen
Código Tipo de soporte nc
500 ## - NOTA GENERAL
Nota General Título original en inglés: The Chicago Manual of Style
501 ## - NOTA DE “CON”
Nota de Contenido pasta dura
505 00 - NOTA DE CONTENIDO
Nota de contenido con formato preestablecido Primera parte: El proceso de edición -- Libros y revistas -- Preparación, edición y corrección de originales -- Ilustraciones y tablas -- Gestión de los derechos de autor -- Segunda parte: Estilo y uso lingüístico -- Gramática y uso -- Puntuación -- Ortografía, ortotipografía y palabras compuestas -- Nombres, títulos y otros términos -- Números y unidades -- Abreviaciones -- Idiomas extranjeros -- Matemáticas -- Citas y diálogos -- Tercera parte: Documentación -- Documentación I: notas y bibliografía -- Documentación II: citas autor-año -- Índices
653 ## - TÉRMINO DE INDIZACIÓN - NO CONTROLADO
Término no controlado Manual
-- de estilo
-- Chicago-Deusto
942 ## - TIPO DE MATERIAL (KOHA)
Tipo de Item KOHA Libros General
945 ## - INFORMACIÓN LOCAL DEL REGISTRO
Catalogador Estudiante
Existencias
Estado de Material Estado de Perdido Estado de Dañado No para Préstamo Colección Tomo Biblioteca de Origen Biblioteca Permanente Fecha de Adquisición Total de Préstamos Signatura Topográfica Código de Barras Última vez visto Última vez Préstado Ejemplar/Existencia Fecha de Remplazo Tipo de Material Total de Renovaciones
        Colección de Referencia   Biblioteca FUSBC Biblioteca FUSBC 09/10/2014 1 R 808.02 D4861m 18632 06/06/2025 21/08/2019 1 26/01/2016 Libros de Referencia  
        Colección de Referencia   Biblioteca FUSBC Biblioteca FUSBC 09/10/2014 6 R 808.02 D4861m 18633 23/09/2024 28/07/2023 2 26/01/2016 Libros de Referencia 10

Biblioteca FUSBC | Teléfono: (57+4) 349 88 10 Ext. 141| WhatsApp (+57) 3005338115 
E-mail: biblioteca@unisbc.edu.co | Calle 76 87-14 Robledo Palenque, Medellín, Colombia

Con tecnología Koha